| 000 | 00388nam a2200169Ia 4500 | ||
|---|---|---|---|
| 005 | 20250704035246.0 | ||
| 008 | 240331s9999 xx 000 0 und d | ||
| 020 | _a9552009278 | ||
| 082 |
_bJAY _a891 |
||
| 100 | _aJayakody,S | ||
| 245 | 0 | _aMadaaraa,Madaraa 2 | |
| 250 | _a3rd | ||
| 260 |
_aColombo _bS. Godagre & Brothers _c1997 |
||
| 300 | _a283 p ., | ||
| 650 | _aStory | ||
| 942 | _cL | ||
| 999 |
_c4874 _d4874 |
||